00708cam a22002537a 4500003000500000005001700005008004100022010001000063011001000073020001900083020001900102020001900121020001900140035001100159040000900170082001700179245007700196250001000273260004600283300005500329650002800384700001700412700002500429CHAP20240520082628.0041004d2000 us a r 00110 eng d a88876 a89848 a0 19 431 424 3 a0 19 431 510 X a0 19 431 585 1 a0 19 431 586 X a100399 cCHAP04a423bO9 200010aOxford advanced learner's dictionary of current englishc/by A.S. Hornby a6 ed. aOxford :bOxford University Press,c2000. a1539 p. :bilus. + 1 disco compacto de 4 1/4 plgs.14aInglésxDiccionarios.00aHornby, A.S.00aWehmeier, Sallyeed.